[Event "4th ch-Asia"]
[Site "Doha QAT"]
[Date "2003.02.24"]
[Round "3"]
[White "Kakageldyev, A."]
[Black "Nezad, H."]
[Result "1-0"]
[WhiteElo "2469"]
[BlackElo "2334"]
[PlyCount "70"]
[EventDate "2003.02.22"]
[SourceDate "2003.03.03"]

1. d4 d5 2. c4 e6 3. Nc3 Be7 4. Nf3 Nf6 5. Bg5 O-O 6. e3 Nbd7 7. cxd5 Nxd5 8.
Bxe7 Qxe7 9. Bd3 Nxc3 10. bxc3 c5 11. O-O b6 12. e4 cxd4 13. cxd4 Bb7 14. a4
Rab8 15. Qe2 Rfc8 16. Rfb1 Nf6 17. a5 Ba8 18. axb6 Rxb6 19. Rc1 Rxc1+ 20. Rxc1
Rb8 21. Rc5 g6 22. h3 Qb7 23. Qc2 Rf8 24. Nd2 Qb4 25. Rc4 Qb6 26. Qc3 Rd8 27.
Rc5 Bb7 28. Nc4 Qa6 29. Na5 Qb6 30. d5 Rb8 31. Nxb7 Rxb7 32. Rb5 Qc7 33. Qxf6
exd5 34. Rxb7 Qxb7 35. Qd8+ Kg7 1-0

[Event "4th ch-Asia"]
[Site "Doha QAT"]
[Date "2003.02.24"]
[Round "3"]
[White "Bakre, T."]
[Black "Aliev, K."]
[Result "1/2-1/2"]
[WhiteElo "2464"]
[BlackElo "2317"]
[PlyCount "77"]
[EventDate "2003.02.22"]
[SourceDate "2003.03.03"]

1. e4 e5 2. Nf3 Nf6 3. Nxe5 d6 4. Nf3 Nxe4 5. Nc3 Nxc3 6. dxc3 Nc6 7. Bf4 Be7
8. Qd2 Bg4 9. Be2 Qd7 10. h3 Bf5 11. O-O-O O-O-O 12. Bb5 a6 13. Ba4 Bf6 14. Nd4
Bxd4 15. cxd4 d5 16. Bh2 b5 17. Bb3 Kb7 18. Rhe1 Rhe8 19. Qf4 Rxe1 20. Rxe1 Rc8
21. g4 Be4 22. f3 Bg6 23. h4 h6 24. h5 Bh7 25. c3 f6 26. Qe3 Na5 27. Qe7 Nxb3+
28. axb3 Rd8 29. Qxd7 Rxd7 30. Re8 Rf7 31. Kd2 a5 32. Bf4 Bb1 33. Rh8 a4 34.
bxa4 bxa4 35. Rd8 Ba2 36. Ke3 Re7+ 37. Kf2 Bc4 38. Be3 Kc6 39. Ra8 1/2-1/2

[Event "4th ch-Asia"]
[Site "Doha QAT"]
[Date "2003.02.24"]
[Round "3"]
[White "Saleh, Nab"]
[Black "Sadykov, R."]
[Result "0-1"]
[WhiteElo "2324"]
[BlackElo "2412"]
[PlyCount "46"]
[EventDate "2003.02.22"]
[SourceDate "2003.03.03"]

1. d4 d5 2. Nf3 Nf6 3. c4 c6 4. Qc2 dxc4 5. Qxc4 Bf5 6. Nc3 e6 7. g3 Nbd7 8.
Bg2 Bd6 9. O-O O-O 10. e3 h6 11. Qe2 e5 12. dxe5 Nxe5 13. Nxe5 Bxe5 14. e4 Bg4
15. f3 Be6 16. Be3 Qa5 17. f4 Bxc3 18. bxc3 Qxc3 19. Rac1 Qa5 20. f5 Bd7 21.
Qb2 Rfe8 22. Qxb7 Reb8 23. Rc5 Qa3 0-1

[Event "4th ch-Asia"]
[Site "Doha QAT"]
[Date "2003.02.24"]
[Round "3"]
[White "Hilwani, T."]
[Black "Kayle, C."]
[Result "0-1"]
[WhiteElo "2291"]
[BlackElo "2063"]
[PlyCount "54"]
[EventDate "2003.02.22"]
[SourceDate "2003.03.03"]

1. c4 e6 2. g3 d5 3. Bg2 Nf6 4. Nf3 Be7 5. O-O O-O 6. d4 dxc4 7. Nbd2 c5 8.
Nxc4 Nc6 9. dxc5 Bxc5 10. Qc2 Bd7 11. Nce5 Be7 12. Rd1 Qc8 13. Nxd7 Nxd7 14.
Bg5 Nf6 15. Rac1 Rd8 16. a3 h6 17. Bd2 Bf8 18. b4 a6 19. Kf1 g6 20. Ne1 Nd5 21.
e4 Nf6 22. Be3 Rxd1 23. Qxd1 Qe8 24. e5 Nxe5 25. Bxb7 Qb5+ 26. Nd3 Rd8 27. Rc8
Rxd3 0-1

[Event "4th ch-Asia"]
[Site "Doha QAT"]
[Date "2003.02.24"]
[Round "3"]
[White "Al Zendani, Z."]
[Black "De Silva, N."]
[Result "1/2-1/2"]
[WhiteElo "2313"]
[BlackElo "2243"]
[PlyCount "59"]
[EventDate "2003.02.22"]
[SourceDate "2003.03.03"]

1. e4 c5 2. Nf3 Nc6 3. Bb5 g6 4. Bxc6 bxc6 5. d3 Bg7 6. O-O d6 7. h3 e6 8. Qe2
Ne7 9. e5 d5 10. c4 Nf5 11. b3 f6 12. Bb2 O-O 13. g4 Nd4 14. Nxd4 cxd4 15. exf6
Qxf6 16. f4 Qh4 17. Qg2 h5 18. Nd2 hxg4 19. hxg4 e5 20. Nf3 Qxg4 21. Nxe5 Qxg2+
22. Kxg2 Bxe5 23. fxe5 Rxf1 24. Rxf1 dxc4 25. bxc4 Bf5 26. Rf3 c5 27. Ba3 Rc8
28. Kg3 Kf7 29. Kf4 Ke6 30. Rg3 1/2-1/2

[Event "4th ch-Asia"]
[Site "Doha QAT"]
[Date "2003.02.24"]
[Round "3"]
[White "Ayyad, M."]
[Black "Altanoch, G."]
[Result "0-1"]
[WhiteElo "2200"]
[BlackElo "2284"]
[PlyCount "76"]
[EventDate "2003.02.22"]
[SourceDate "2003.03.03"]

1. d4 d5 2. c4 e6 3. Nc3 c6 4. e3 f5 5. Bd3 Nf6 6. Nf3 Bd6 7. O-O O-O 8. Ne5
Bxe5 9. dxe5 Ng4 10. f4 d4 11. h3 Nxe5 12. fxe5 dxc3 13. b3 Qc7 14. e4 Qxe5 15.
Qc2 c5 16. exf5 exf5 17. Bf4 Qd4+ 18. Kh1 Nc6 19. a3 Be6 20. Rae1 Rad8 21. Rf3
Qf6 22. Rfe3 Qd4 23. Rf3 Bc8 24. Bg5 Ne5 25. Rxe5 Qxe5 26. Bxd8 Rxd8 27. Bf1 b6
28. Rxc3 Bb7 29. Rd3 Rd4 30. Rxd4 cxd4 31. b4 Be4 32. Bd3 Qg3 33. Bxe4 Qe1+ 34.
Kh2 Qxe4 35. Qb3 Qe3 36. Qa4 d3 37. c5 d2 38. c6 Qe5+ 0-1

[Event "4th ch-Asia"]
[Site "Doha QAT"]
[Date "2003.02.24"]
[Round "3"]
[White "Janahi, Z."]
[Black "Al Tamimi, H."]
[Result "0-1"]
[WhiteElo "2245"]
[BlackElo "2182"]
[PlyCount "76"]
[EventDate "2003.02.22"]
[SourceDate "2003.03.03"]

1. d4 d5 2. e3 Nf6 3. Bd3 e6 4. Nd2 c5 5. c3 Nc6 6. f4 c4 7. Bc2 b5 8. a3 Bb7
9. Ngf3 Ne7 10. Ne5 Ne4 11. Qh5 g6 12. Qe2 Nf5 13. O-O Nfd6 14. g4 h5 15. g5
Be7 16. Qg2 Qc7 17. a4 a6 18. axb5 axb5 19. Rxa8+ Bxa8 20. Nxe4 Nxe4 21. Qe2
O-O 22. Rf3 Kg7 23. Rh3 Rh8 24. Bd1 Qa7 25. Qc2 Qa1 26. Bf3 Bb7 27. Kg2 Bd6 28.
Nd7 b4 29. cxb4 Bxb4 30. Bxe4 dxe4 31. Qxc4 Ba6 32. Qc7 Rc8 33. Qe5+ Kg8 34.
Nf6+ Kf8 35. Nd7+ Ke7 36. Nc5 Bf1+ 37. Kxf1 Qxc1+ 38. Kf2 Qxb2+ 0-1

[Event "4th ch-Asia"]
[Site "Doha QAT"]
[Date "2003.02.25"]
[Round "4"]
[White "Barua, D."]
[Black "Sasikiran, K."]
[Result "1/2-1/2"]
[WhiteElo "2541"]
[BlackElo "2664"]
[PlyCount "77"]
[EventDate "2003.02.22"]
[SourceDate "2003.03.03"]

1. e4 c5 2. Nf3 d6 3. d4 cxd4 4. Nxd4 Nf6 5. Nc3 a6 6. Be2 e6 7. O-O Be7 8. f4
O-O 9. Kh1 Qc7 10. Be3 Nc6 11. a4 Re8 12. Bd3 Nb4 13. a5 Bd7 14. Nf3 Rac8 15.
Bb6 Qb8 16. Qe2 Bc6 17. Nd4 Nxd3 18. cxd3 Nd7 19. f5 e5 20. Nc2 Bd8 21. Ne3 Bg5
22. Ng4 Nf6 23. Be3 h6 24. Bxg5 hxg5 25. Ne3 b5 26. axb6 Qxb6 27. Nc4 Qd4 28.
Rxa6 Bxe4 29. Nxe4 Nxe4 30. b3 d5 31. dxe4 dxc4 32. Rd1 Qc3 33. bxc4 Qxc4 34.
Ra2 Red8 35. Rxd8+ Rxd8 36. h3 Qc1+ 37. Kh2 Qf4+ 38. Kg1 g4 39. Qxg4 1/2-1/2

[Event "4th ch-Asia"]
[Site "Doha QAT"]
[Date "2003.02.25"]
[Round "4"]
[White "Ganguly, S."]
[Black "Sadvakasov, D."]
[Result "1/2-1/2"]
[WhiteElo "2556"]
[BlackElo "2523"]
[PlyCount "64"]
[EventDate "2003.02.22"]
[SourceDate "2003.03.03"]

1. e4 e6 2. d4 d5 3. Nc3 Nf6 4. Bg5 Bb4 5. e5 h6 6. Bd2 Bxc3 7. bxc3 Ne4 8. Qg4
Kf8 9. Bd3 Nxd2 10. Kxd2 c5 11. h4 Nc6 12. Rh3 c4 13. Bf1 b5 14. a3 Bd7 15. Ne2
Rg8 16. Rf3 a5 17. Nf4 Ke7 18. Nh5 Qf8 19. Qf4 Be8 20. g4 Kd8 21. Bh3 Qe7 22.
g5 hxg5 23. Qxg5 Qxg5+ 24. hxg5 g6 25. Nf6 Rh8 26. Bg2 Ke7 27. Re3 Rh2 28. Rg3
Bd7 29. Ke3 Rh4 30. Rh3 Rxh3+ 31. Bxh3 Rh8 32. Rh1 Be8 1/2-1/2

[Event "4th ch-Asia"]
[Site "Doha QAT"]
[Date "2003.02.25"]
[Round "4"]
[White "Rahman, Zia"]
[Black "Ghaem Maghami, E."]
[Result "1/2-1/2"]
[WhiteElo "2542"]
[BlackElo "2500"]
[PlyCount "41"]
[EventDate "2003.02.22"]
[SourceDate "2003.03.03"]

1. Nf3 d5 2. d4 Nf6 3. c4 e6 4. g3 Bb4+ 5. Bd2 a5 6. Bg2 Nbd7 7. Qc2 O-O 8. O-O
c6 9. Bf4 Be7 10. Rd1 Nh5 11. Bc1 b5 12. c5 f5 13. Nc3 g5 14. a3 Bf6 15. Qd2 h6
16. h4 g4 17. Qxh6 gxf3 18. Qxh5 fxg2 19. Qg6+ Kh8 20. Qh6+ Kg8 21. Qg6+
1/2-1/2

[Event "4th ch-Asia"]
[Site "Doha QAT"]
[Date "2003.02.25"]
[Round "4"]
[White "Kotsur, P."]
[Black "Iuldachev, S."]
[Result "1/2-1/2"]
[WhiteElo "2586"]
[BlackElo "2487"]
[PlyCount "87"]
[EventDate "2003.02.22"]
[SourceDate "2003.03.03"]

1. e4 e5 2. Nf3 Nc6 3. Bb5 a6 4. Ba4 Nf6 5. O-O Nxe4 6. d4 b5 7. Bb3 d5 8. dxe5
Be6 9. Nbd2 Bc5 10. Nxe4 dxe4 11. Ng5 Qxd1 12. Rxd1 Bxb3 13. axb3 Bb6 14. Nxe4
Nxe5 15. Rd5 Nc6 16. Be3 O-O 17. Bxb6 cxb6 18. Rd6 Rfc8 19. Nc3 Nb4 20. Rxb6 h6
21. h3 Rd8 22. Ne4 Nxc2 23. Raxa6 Rxa6 24. Rxa6 Rd1+ 25. Kh2 Rb1 26. Ra2 b4 27.
Nd6 Nd4 28. Ra4 Rxb2 29. Rxb4 Nc6 30. Rb6 Nd4 31. b4 Rxf2 32. Rb8+ Kh7 33. b5
Rb2 34. Kg3 Kg6 35. Kf4 Rxg2 36. b6 Rb2 37. b7 Ne6+ 38. Ke4 Nc5+ 39. Kd5 Nxb7
40. Rxb7 Rxb7 41. Nxb7 Kg5 42. Nd6 Kh4 43. Nf5+ Kxh3 44. Nxg7 1/2-1/2

[Event "4th ch-Asia"]
[Site "Doha QAT"]
[Date "2003.02.25"]
[Round "4"]
[White "Kunte, A."]
[Black "Dao Thien Hai"]
[Result "1/2-1/2"]
[WhiteElo "2507"]
[BlackElo "2560"]
[PlyCount "47"]
[EventDate "2003.02.22"]
[SourceDate "2003.03.03"]

1. Nf3 d5 2. b3 Bg4 3. Bb2 Nd7 4. e3 c6 5. h3 Bh5 6. Be2 f6 7. c4 e6 8. Nc3 Bd6
9. cxd5 exd5 10. Nd4 Bf7 11. Bg4 Nh6 12. O-O O-O 13. Ne6 Bxe6 14. Bxe6+ Kh8 15.
Bxd7 Qxd7 16. Ne2 Rae8 17. Rc1 Nf7 18. Qc2 Ng5 19. f4 Ne4 20. Rf3 Bb4 21. Rd1
Nd6 22. Rc1 Rf7 23. Bd4 Nb5 24. Bc5 1/2-1/2

[Event "4th ch-Asia"]
[Site "Doha QAT"]
[Date "2003.02.25"]
[Round "4"]
[White "Barsov, A."]
[Black "Paragua, M."]
[Result "1-0"]
[WhiteElo "2525"]
[BlackElo "2506"]
[PlyCount "89"]
[EventDate "2003.02.22"]
[SourceDate "2003.03.03"]

1. d4 Nf6 2. c4 g6 3. Nf3 Bg7 4. g3 O-O 5. Bg2 d6 6. O-O Nc6 7. Nc3 a6 8. d5
Na5 9. b3 c5 10. dxc6 Nxc6 11. Bb2 Qa5 12. Qc1 Bg4 13. Rd1 Rac8 14. Nd5 Bxf3
15. Bxf3 Nxd5 16. Rxd5 Bxb2 17. Qxb2 Qb6 18. Qd2 Ne5 19. Bg2 Rc7 20. Bh3 f5 21.
Rd1 Kg7 22. Qc3 f4 23. gxf4 Rxf4 24. R1d4 Rf6 25. Bg2 Rc8 26. e3 Rcf8 27. Rd2
Qc7 28. f4 Nd7 29. Qa5 Qb8 30. Qc3 b6 31. h4 Qc7 32. h5 b5 33. hxg6 hxg6 34.
Rg5 e5 35. Be4 Nc5 36. cxb5 Qc8 37. Bc2 Rh8 38. Rxd6 Rxd6 39. Qxe5+ Kf7 40.
Qxd6 Ne6 41. Bxg6+ Kf6 42. Qe5+ Ke7 43. Bh5 Qc1+ 44. Kh2 Qd2+ 45. Rg2 1-0

[Event "4th ch-Asia"]
[Site "Doha QAT"]
[Date "2003.02.25"]
[Round "4"]
[White "Torre, E."]
[Black "Kakageldyev, A."]
[Result "1-0"]
[WhiteElo "2519"]
[BlackElo "2469"]
[PlyCount "103"]
[EventDate "2003.02.22"]
[SourceDate "2003.03.03"]

1. e4 g6 2. d4 Bg7 3. c3 d6 4. Bg5 Nf6 5. Nd2 O-O 6. Ngf3 h6 7. Bh4 c5 8. d5 e6
9. Be2 exd5 10. exd5 Na6 11. Nc4 Nc7 12. Ne3 Re8 13. O-O Qe7 14. Re1 Qf8 15.
Bxf6 Bxf6 16. a4 b6 17. Nd2 Bg5 18. Ndc4 Ba6 19. g3 Bxe3 20. Nxe3 Bxe2 21. Rxe2
Re4 22. Qd3 Rae8 23. f3 R4e5 24. Rae1 Qe7 25. Kf2 Qd7 26. b3 h5 27. c4 Qe7 28.
Nd1 Rxe2+ 29. Rxe2 Qxe2+ 30. Qxe2 Rxe2+ 31. Kxe2 Kg7 32. Nc3 Kf6 33. Ke3 a6 34.
h4 Ke7 35. Kf4 Ne8 36. Ne4 Nf6 37. Nf2 Nd7 38. Nd3 f6 39. g4 Ne5 40. Nf2 hxg4
41. fxg4 g5+ 42. hxg5 Ng6+ 43. Ke4 fxg5 44. Kf5 Nh4+ 45. Kxg5 Nf3+ 46. Kg6 Nd4
47. g5 Nxb3 48. Kh7 Nd4 49. g6 Nf5 50. Ne4 Kf8 51. Nxd6 Ng7 52. Ne4 1-0

[Event "4th ch-Asia"]
[Site "Doha QAT"]
[Date "2003.02.25"]
[Round "4"]
[White "Dzhumaev, M."]
[Black "Thipsay, P."]
[Result "1-0"]
[WhiteElo "2507"]
[BlackElo "2465"]
[PlyCount "119"]
[EventDate "2003.02.22"]
[SourceDate "2003.03.03"]

1. e4 e5 2. Nf3 Nc6 3. Nc3 Nf6 4. g3 d5 5. exd5 Nxd5 6. Bg2 Nxc3 7. bxc3 Be7 8.
O-O O-O 9. d3 Bf5 10. Qe2 Bf6 11. Nd2 Qd7 12. Ne4 Be7 13. f4 Bg6 14. fxe5 Nxe5
15. Bf4 Ng4 16. Bh3 h5 17. Nf2 Bf5 18. Bg2 Rae8 19. Qf3 c6 20. Ne4 Bxe4 21.
dxe4 g6 22. Kh1 Bc5 23. Qe2 Kh7 24. Bf3 Qe6 25. Rad1 Kg7 26. Bg2 Rd8 27. Rb1
Rd7 28. a4 Re8 29. Rbe1 Ne5 30. h3 f6 31. a5 Bd6 32. Be3 Nc4 33. Bd4 Be5 34.
Qf2 Nxa5 35. Rd1 Red8 36. Rd3 Nc4 37. Rf3 Rf7 38. Re1 b6 39. Bf1 c5 40. Qe2 b5
41. Be3 Bxc3 42. Rb1 Bd2 43. Bxc5 Qc6 44. Qf2 Ne5 45. Rfb3 Qxe4+ 46. Bg2 Qxc2
47. Bxa7 Nd3 48. Qb6 Re8 49. Qxb5 Re1+ 50. Rxe1 Nxe1 51. Bd5 Rxa7 52. Qb8 Qc5
53. Qg8+ Kh6 54. Be4 f5 55. Rb5 Qc7 56. Qh8+ Qh7 57. Qb2 Be3 58. Qc3 f4 59. Qf6
Qe7 60. Qxg6# 1-0

[Event "4th ch-Asia"]
[Site "Doha QAT"]
[Date "2003.02.25"]
[Round "4"]
[White "Sadykov, R."]
[Black "Wu Shaobin"]
[Result "1/2-1/2"]
[WhiteElo "2412"]
[BlackElo "2545"]
[PlyCount "57"]
[EventDate "2003.02.22"]
[SourceDate "2003.03.03"]

1. e4 c5 2. Nf3 d6 3. d4 cxd4 4. Nxd4 Nf6 5. Nc3 Nc6 6. f3 e5 7. Nb3 Be7 8. Be3
O-O 9. Qd2 Be6 10. Nd5 Bxd5 11. exd5 Nb8 12. Be2 a5 13. O-O Nbd7 14. c4 Nh5 15.
Bd3 g6 16. Kh1 Re8 17. Nc1 Bf8 18. Ne2 Bg7 19. Rac1 b6 20. Nc3 Nc5 21. Bb1 f5
22. Nb5 f4 23. Bf2 Bf6 24. Kg1 Ng7 25. b3 Nf5 26. Rce1 Bh4 27. Bxh4 Nxh4 28.
Re2 Rf8 29. Qb2 1/2-1/2

[Event "4th ch-Asia"]
[Site "Doha QAT"]
[Date "2003.02.25"]
[Round "4"]
[White "Issa, R."]
[Black "Kostenko, P."]
[Result "1/2-1/2"]
[WhiteElo "2331"]
[BlackElo "2497"]
[PlyCount "120"]
[EventDate "2003.02.22"]
[SourceDate "2003.03.03"]

1. e4 e5 2. Nf3 Nc6 3. Bb5 a6 4. Ba4 Nf6 5. d4 exd4 6. O-O Be7 7. e5 Ne4 8.
Nxd4 Nc5 9. Nf5 O-O 10. Qg4 g6 11. Bxc6 dxc6 12. Nxe7+ Qxe7 13. Qg3 Re8 14. Re1
Bf5 15. Na3 Ne6 16. c3 h5 17. Nc4 Nc5 18. Bg5 Qe6 19. Qh4 b5 20. Nd2 Nd3 21.
Bf6 Qd5 22. Nf3 Bg4 23. Qg5 Kh7 24. Re3 Nxb2 25. Rae1 Nc4 26. Re4 Bxf3 27. Rd4
Bxg2 28. Rxd5 Bxd5 29. Rd1 Re6 30. f4 Ne3 31. Rd3 Nf5 32. Rh3 Rg8 33. Kf2 Be4
34. Qg1 Rge8 35. Qd1 Nh6 36. Rg3 Bd5 37. a3 Rxf6 38. exf6 Re6 39. h3 Rxf6 40.
Qd4 Re6 41. Qa7 Nf5 42. Rd3 Bc4 43. Rd2 Nd6 44. Rxd6 Rxd6 45. Qxc7 Rd2+ 46. Kg3
Rd3+ 47. Kh4 Rxc3 48. f5 Re3 49. fxg6+ Kxg6 50. Qxc6+ Be6 51. Qg2+ Kh7 52. Kg5
Rxh3 53. Kf6 Bg4 54. Qe4+ Kh6 55. Qf4+ Kh7 56. Qe4+ Kh6 57. Qf4+ Kh7 58. Qe4+
Kh6 59. Qf4+ Kh7 60. Qe4+ Kh6 1/2-1/2

[Event "4th ch-Asia"]
[Site "Doha QAT"]
[Date "2003.02.25"]
[Round "4"]
[White "Kayumov, S."]
[Black "Annaberdiev, M."]
[Result "1-0"]
[WhiteElo "2479"]
[BlackElo "2405"]
[PlyCount "115"]
[EventDate "2003.02.22"]
[SourceDate "2003.03.03"]

1. e4 d5 2. exd5 Nf6 3. d4 Nxd5 4. c4 Nb6 5. Nf3 g6 6. h3 Bg7 7. Nc3 O-O 8. Be3
Nc6 9. Be2 e5 10. d5 Ne7 11. g4 f5 12. Ng5 Rf6 13. Qb3 h6 14. Ne6 Rxe6 15. dxe6
Bxe6 16. Rd1 Qe8 17. Bxb6 axb6 18. Nd5 Rc8 19. Nxe7+ Qxe7 20. gxf5 gxf5 21. Rg1
e4 22. Qg3 Kh8 23. Qf4 Qf7 24. Qh4 Kh7 25. Bh5 Qf8 26. b3 Qb4+ 27. Kf1 Rg8 28.
Bg6+ Kh8 29. Rd8 Qc3 30. Rxg8+ Bxg8 31. Qg3 Qa1+ 32. Kg2 Qf6 33. Bh5 f4 34. Qg6
Qe5 35. Qe8 f3+ 36. Kh1 Qxe8 37. Bxe8 Bd4 38. Re1 Bh7 39. Kg1 Kg7 40. Bh5 Kf6
41. h4 Kf5 42. Bxf3 exf3 43. Re7 Bg6 44. Rxc7 Kg4 45. Rd7 Bc5 46. Rg7 Kh5 47.
Rxb7 Be4 48. Rf7 Kg4 49. Rf6 h5 50. a3 Bxa3 51. Rxb6 Bd3 52. Ra6 Be7 53. Ra4
Kf5 54. Ra5+ Kg6 55. c5 Kf6 56. c6 Ke6 57. c7 Kd7 58. Rd5+ 1-0

[Event "4th ch-Asia"]
[Site "Doha QAT"]
[Date "2003.02.25"]
[Round "4"]
[White "Kayle, C."]
[Black "Bakre, T."]
[Result "0-1"]
[WhiteElo "2063"]
[BlackElo "2464"]
[PlyCount "98"]
[EventDate "2003.02.22"]
[SourceDate "2003.03.03"]

1. d4 Nf6 2. c4 e6 3. Nc3 Bb4 4. Qc2 O-O 5. a3 Bxc3+ 6. Qxc3 b6 7. Bg5 Bb7 8.
f3 h6 9. Bh4 d5 10. e3 Nbd7 11. cxd5 exd5 12. Bd3 Re8 13. Ne2 Qe7 14. Bf2 c5
15. O-O Rac8 16. Qd2 Nf8 17. Rad1 Ne6 18. Bb1 Ba6 19. Rfe1 Bxe2 20. Rxe2 Nxd4
21. Ree1 Ne6 22. Bh4 Rcd8 23. Qc2 Ng5 24. Ba2 Qc7 25. Bb1 Re7 26. e4 dxe4 27.
Rxd8+ Qxd8 28. fxe4 Rxe4 29. Rxe4 Ngxe4 30. Qxe4 g5 31. Qd3 Qxd3 32. Bxd3 gxh4
33. h3 Kf8 34. Kf2 Ke7 35. Ke3 Kd6 36. Bb5 Ke5 37. Bc6 Nd5+ 38. Kd2 Kd4 39. Be8
f5 40. Bd7 Ne3 41. Bc8 Nc4+ 42. Kc1 Nd6 43. Bd7 Kd3 44. Be6 b5 45. Bd7 c4 46.
Be6 a5 47. Bd7 c3 48. b4 axb4 49. axb4 Kc4 0-1

[Event "4th ch-Asia"]
[Site "Doha QAT"]
[Date "2003.02.25"]
[Round "4"]
[White "Hossain, Enam"]
[Black "Jasim, A."]
[Result "1-0"]
[WhiteElo "2451"]
[BlackElo "2278"]
[PlyCount "65"]
[EventDate "2003.02.22"]
[SourceDate "2003.03.03"]

1. e4 g6 2. d4 Bg7 3. Nc3 d6 4. Be3 c6 5. Qd2 b5 6. Nf3 Nd7 7. a4 b4 8. Ne2 a5
9. Ng3 Nb6 10. h3 h5 11. Bd3 Nf6 12. Ng5 d5 13. e5 h4 14. Ne2 Nh7 15. Nxh7 Rxh7
16. Nf4 Nc4 17. Qc1 Nxe3 18. fxe3 Rh6 19. O-O e6 20. c3 bxc3 21. Qxc3 Qb6 22.
Rac1 Bd7 23. Rf2 Bf8 24. Rcf1 Bb4 25. Qc2 O-O-O 26. Be2 Kb8 27. Nd3 Be8 28. Ra1
Ka7 29. Nxb4 Qxb4 30. Qd3 Kb8 31. Ra3 Kc7 32. Rb3 Qxa4 33. Rb7+ 1-0

[Event "4th ch-Asia"]
[Site "Doha QAT"]
[Date "2003.02.25"]
[Round "4"]
[White "Isaev, J."]
[Black "Abu Sufian, S."]
[Result "1-0"]
[WhiteElo "2438"]
[BlackElo "2226"]
[PlyCount "67"]
[EventDate "2003.02.22"]
[SourceDate "2003.03.03"]

1. e4 c5 2. Nf3 d6 3. d4 cxd4 4. Nxd4 Nf6 5. Nc3 g6 6. Be3 Bg7 7. f3 Nc6 8. Bc4
Bd7 9. Qd2 O-O 10. O-O-O Qa5 11. h4 Rfc8 12. Bb3 Ne5 13. h5 Nxh5 14. Bh6 Bxh6
15. Qxh6 Rxc3 16. bxc3 Qxc3 17. Kb1 a5 18. Ne2 Qc5 19. Nf4 Qe3 20. Rxh5 gxh5
21. Rh1 e6 22. Qxh5 Kf8 23. Qxh7 Qxf4 24. Qh8+ Ke7 25. Qxa8 Qd2 26. a4 Qxg2 27.
Rh8 Qg1+ 28. Ka2 Qb6 29. Qf8+ Kf6 30. Qh6+ Ng6 31. Rh7 Be8 32. f4 Qg1 33. Qg7+
Ke7 34. f5 1-0

[Event "4th ch-Asia"]
[Site "Doha QAT"]
[Date "2003.02.25"]
[Round "4"]
[White "Aliev, K."]
[Black "Al Sayed, Mohamad"]
[Result "0-1"]
[WhiteElo "2317"]
[BlackElo "2431"]
[PlyCount "126"]
[EventDate "2003.02.22"]
[SourceDate "2003.03.03"]

1. d4 d5 2. c4 c6 3. Nc3 Nf6 4. Nf3 e6 5. cxd5 exd5 6. Bg5 Bf5 7. e3 Qb6 8. Qb3
Ne4 9. Qxb6 axb6 10. Nxe4 Bxe4 11. Nd2 Bg6 12. Be2 Bb4 13. a3 Nd7 14. Rc1 Bd6
15. O-O b5 16. f3 O-O 17. e4 Rfe8 18. Bd3 h6 19. Bh4 Bf4 20. Rcd1 Bxd2 21. Rxd2
dxe4 22. fxe4 Bxe4 23. d5 Bxd5 24. Bxb5 Nc5 25. Rxd5 cxd5 26. Bxe8 Rxe8 27. Rf5
Nd3 28. Rxd5 Nxb2 29. Rb5 Nc4 30. a4 Ra8 31. Rb4 Ne5 32. Rxb7 Rxa4 33. Rb8+ Kh7
34. Bg3 Ng4 35. Rb1 Ra2 36. h3 Ne3 37. Bf2 Nd5 38. Rd1 Nf4 39. Kf1 f6 40. Rb1
Kg6 41. Rb3 Kh7 42. g4 Ra1+ 43. Be1 g5 44. Kf2 Rd1 45. Ba5 Rh1 46. Bd8 Rh2+ 47.
Kf1 Kg6 48. Rb6 Rxh3 49. Rxf6+ Kg7 50. Rd6 Rh4 51. Bf6+ Kh7 52. Kf2 Rxg4 53.
Kf3 Rg1 54. Ke4 Rf1 55. Bc3 Ng2 56. Ra6 Nh4 57. Be5 Rf7 58. Ra8 Kg6 59. Rg8+
Kh5 60. Bd6 Nf5 61. Bb8 Kg4 62. Be5 h5 63. Kd5 Ne7+ 0-1

[Event "4th ch-Asia"]
[Site "Doha QAT"]
[Date "2003.02.25"]
[Round "4"]
[White "Nezad, H."]
[Black "Sharavdorj, D."]
[Result "1/2-1/2"]
[WhiteElo "2334"]
[BlackElo "2438"]
[PlyCount "45"]
[EventDate "2003.02.22"]
[SourceDate "2003.03.03"]

1. e4 e6 2. d4 d5 3. Nd2 c5 4. exd5 exd5 5. Ngf3 Nf6 6. Bb5+ Bd7 7. Bxd7+ Nbxd7
8. O-O Be7 9. dxc5 Nxc5 10. Nb3 Nce4 11. Nfd4 Qd7 12. f3 Nd6 13. Nc5 Qc8 14.
Nd3 O-O 15. b3 Bd8 16. Be3 Bb6 17. Qd2 Re8 18. Bf2 Qc7 19. Rae1 Red8 20. Re2
Rac8 21. Qf4 Qc3 22. Rfe1 h6 23. h3 1/2-1/2

[Event "4th ch-Asia"]
[Site "Doha QAT"]
[Date "2003.02.25"]
[Round "4"]
[White "Mohammadi, H."]
[Black "Sundararajan, K."]
[Result "0-1"]
[WhiteElo "2250"]
[BlackElo "2416"]
[PlyCount "90"]
[EventDate "2003.02.22"]
[SourceDate "2003.03.03"]

1. e4 c6 2. d4 d5 3. e5 Bf5 4. Nc3 e6 5. g4 Bg6 6. Nge2 c5 7. Be3 Nc6 8. dxc5
a6 9. Nd4 h5 10. Nxc6 bxc6 11. gxh5 Bxh5 12. Be2 Bxe2 13. Nxe2 Rb8 14. b3 Nh6
15. Ng3 Qa5+ 16. Qd2 Qxd2+ 17. Kxd2 Ng4 18. Bd4 Nxh2 19. Ke2 Rh4 20. c3 Be7 21.
f3 Kd7 22. Kf2 Rbh8 23. Kg2 g5 24. b4 g4 25. fxg4 Nxg4 26. Rxh4 Rxh4 27. a4 f6
28. b5 Rh2+ 29. Kf3 Nxe5+ 30. Bxe5 fxe5 31. bxa6 Bxc5 32. Rb1 Rf2+ 33. Kg4 Rf4+
34. Kg5 Rxa4 35. Rb7+ Kd6 36. Kf6 Bf2 37. Nh5 Bh4+ 38. Kf7 Rxa6 39. Ng7 e4 40.
Nxe6 Ra1 41. Nd4 Rf1+ 42. Kg6 Rf6+ 43. Kg7 Rf2 44. Kg6 Bf6 45. Nf5+ Ke6 0-1

[Event "4th ch-Asia"]
[Site "Doha QAT"]
[Date "2003.02.25"]
[Round "4"]
[White "Altanoch, G."]
[Black "Neelotpal, D."]
[Result "0-1"]
[WhiteElo "2284"]
[BlackElo "2406"]
[PlyCount "102"]
[EventDate "2003.02.22"]
[SourceDate "2003.03.03"]

1. d4 Nf6 2. c4 e6 3. Nc3 Bb4 4. e3 O-O 5. Bd3 c5 6. Nge2 Nc6 7. O-O d5 8. cxd5
exd5 9. a3 cxd4 10. Nxd4 Bd6 11. Nf3 Bg4 12. Be2 Rc8 13. b3 Bb8 14. Bb2 a6 15.
Rc1 Re8 16. Re1 Qd6 17. g3 Ba7 18. Nd4 Ne5 19. Kg2 Rcd8 20. Bxg4 Nexg4 21. h3
Ne5 22. Nce2 Ne4 23. Ng1 Nc5 24. Rc3 Qg6 25. Ngf3 Ncd3 26. Re2 Qe4 27. Kh2 Rd6
28. Rd2 Bxd4 29. Nxd4 Nxb2 30. Rxb2 Rh6 31. f3 Qg6 32. Rbc2 Nd7 33. Rc8 Rf8 34.
R8c7 Nf6 35. Rxb7 Qh5 36. Qf1 Qe5 37. Qd3 Re8 38. Re2 Rg6 39. f4 Qd6 40. Nf5
Qxa3 41. Rc2 h5 42. Rbc7 Qa1 43. Rc8 Rxc8 44. Rxc8+ Kh7 45. Nh4 Qe1 46. Nxg6
Qf2+ 47. Kh1 Ne4 48. Rh8+ Kxg6 49. g4 Qf3+ 50. Kg1 Qg3+ 51. Kf1 Qf2# 0-1

[Event "4th ch-Asia"]
[Site "Doha QAT"]
[Date "2003.02.25"]
[Round "4"]
[White "Al Tamimi, H."]
[Black "Turpanov, M."]
[Result "0-1"]
[WhiteElo "2182"]
[BlackElo "2351"]
[PlyCount "126"]
[EventDate "2003.02.22"]
[SourceDate "2003.03.03"]

1. e4 d5 2. exd5 Qxd5 3. Nc3 Qa5 4. d4 Nf6 5. Bc4 c6 6. Bd2 Qc7 7. Nge2 Bf5 8.
Bf4 Qa5 9. Ng3 Bg6 10. Qe2 Nbd7 11. O-O-O Nd5 12. Bd2 Qc7 13. Bxd5 cxd5 14. f4
f6 15. f5 Bf7 16. Nb5 Qb6 17. Bf4 O-O-O 18. Rd3 Nb8 19. Rc3+ Nc6 20. Bc7 Qa6
21. Ra3 Nxd4 22. Nxd4 Qxe2 23. Ngxe2 Kxc7 24. Nf4 Kb8 25. Nfe6 Bxe6 26. Nxe6
Rd7 27. g4 g6 28. Rh3 gxf5 29. gxf5 h5 30. Rg1 d4 31. Kd2 Rd5 32. Rf3 Bh6+ 33.
Kd3 Rb5 34. b3 Re5 35. Nxd4 Rd8 36. c4 Bg5 37. h3 a6 38. a4 Rd7 39. Rd1 Ka7 40.
Kc3 Ka8 41. Kd3 Kb8 42. Rg1 Bh4 43. Rd1 Kc8 44. Kc3 Be1+ 45. Kc2 Bb4 46. Rdd3
Rd6 47. Ne6 Re2+ 48. Kd1 Rg2 49. c5 Rd2+ 50. Rxd2 Rxd2+ 51. Kc1 Rd5 52. Ng7 h4
53. Kc2 Rxc5+ 54. Kd3 Kd7 55. Ne6 Rc1 56. Ke4 Re1+ 57. Kd3 Rg1 58. Nf8+ Kc7 59.
Ng6 e5 60. Nxh4 Kd7 61. Ke4 a5 62. Ng6 Kc6 63. Ne7+ Bxe7 0-1

[Event "4th ch-Asia"]
[Site "Doha QAT"]
[Date "2003.02.25"]
[Round "4"]
[White "Kadhi, H."]
[Black "Saleh, Nab"]
[Result "1-0"]
[WhiteElo "2334"]
[BlackElo "2324"]
[PlyCount "51"]
[EventDate "2003.02.22"]
[SourceDate "2003.03.03"]

1. e4 c6 2. d4 d5 3. exd5 cxd5 4. Bd3 Nc6 5. c3 Nf6 6. h3 Qc7 7. Nf3 e6 8. O-O
Bd6 9. Re1 O-O 10. Nbd2 a6 11. a4 Bd7 12. Qe2 Na5 13. Ne5 Rfb8 14. Nxd7 Qxd7
15. b4 Nc6 16. Nf3 Qc7 17. Ne5 Bxe5 18. dxe5 Nd7 19. Bf4 Ne7 20. Rac1 Ng6 21.
Bg3 Qd8 22. Qg4 Ndf8 23. h4 h6 24. h5 Ne7 25. Bh4 Kh8 26. Re3 1-0